01319aam a2200325Ia 4500001001200000003000800012006001900020007001500039008004100054010001700095020001500112020001500127040002100142035002100163050002800184100001900212245007400231260004400305300001600349490003700365504006400402533015200466600005200618650005300670650004300723655002900766710001700795830005500812856012600867ebr10060703CaPaEBRm u cr cn|||||||||910524s1990 enk sb 001 0 eng d z 91156254  z0203009002 z0415020743 aCaPaEBRcCaPaEBR a(OCoLC)25280650614aPS3531.O82bZ813 1990eb1 aRuthven, K. K.10aEzra Pound as literary critich[electronic resource] /cK.K. Ruthven. aLondon ;aNew York :bRoutledge,c1990. axvi, 191 p.1 aCritics of the twentieth century aIncludes bibliographical references (p. 171-179) and index. aElectronic reproduction.bPalo Alto, Calif. :cebrary,d2009.nAvailable via World Wide Web.nAccess may be limited to ebrary affiliated libraries.10aPound, Ezra,d1885-1972xKnowledgexLiterature. 0aCriticismzUnited StatesxHistoryy20th century. 0aModernism (Literature)zUnited States. 7aElectronic books.2local2 aebrary, Inc. 0aCritics of the twentieth century (London, England)40uhttp://site.ebrary.com/lib/rucke/Doc?id=10060703zAn electronic book accessible through the World Wide Web; click to view